<?xml version="1.0" encoding="UTF-8"?>
<collection xmlns="http://www.loc.gov/MARC21/slim">
  <record>
    <leader>00000nam  2200000   4500</leader>
    <controlfield tag="001">INLIS000000000020739</controlfield>
    <controlfield tag="005">20250804024057</controlfield>
    <datafield tag="035" ind1="#" ind2="#">
      <subfield code="a">0010-0825000017</subfield>
    </datafield>
    <controlfield tag="007">ta</controlfield>
    <controlfield tag="008">250804################|##########|#|##</controlfield>
    <datafield tag="084" ind1="#" ind2="#">
      <subfield code="a">R 0018 PKP 2024</subfield>
    </datafield>
    <datafield tag="100" ind1=" " ind2="#">
      <subfield code="a">Sherwin Mikhael Soantahon</subfield>
    </datafield>
    <datafield tag="245" ind1="1" ind2="#">
      <subfield code="a">Optimalisasi Pengembangan Kompetensi Teknis ASN Melalui Penyelenggaraan Program Alternatif dengan Konsep : MOFIO (Massive, Open, Free, Independent, Online) /</subfield>
      <subfield code="c">Sherwin Mikhael Soantahon</subfield>
    </datafield>
    <datafield tag="260" ind1="#" ind2="#">
      <subfield code="a">Jakarta :</subfield>
      <subfield code="b">Pusbangkom Pimnas dan Manajerial ASN,</subfield>
      <subfield code="c">2024</subfield>
    </datafield>
    <datafield tag="300" ind1="#" ind2="#">
      <subfield code="a">28 hlm. ;</subfield>
      <subfield code="c">30 cm</subfield>
    </datafield>
    <datafield tag="650" ind1="#" ind2="4">
      <subfield code="a">Pengembangan Kompetensi</subfield>
    </datafield>
    <datafield tag="520" ind1="#" ind2="#">
      <subfield code="a">Kualitas pelayanan publik tidak dapat dipisahkan dari kualitas ASN. Melalui salah satu misi LAN yakni mewujudkan SDM Aparatur unggul melalui kebijakan, pembinaan, dan penyelenggaraan pengembangan kompetensi yang berstandar internasional. Untuk mengimplementasikan mini ini, LAN melalui Pusat Pengembangan Kompetensi Teknis dan Sosial Kulturan ASN menyelenggarakan program pengembangan kompetensi ASN khususnya kompetensi teknis. Maka, dibutuhkan langkah yang kreatif dan inovatif serta tidak biasa untuk menggenjot peningkatan kapasitas ASN melalui pengembangan kompetensi alternatif. Program MOFIO (massive, open, free, independent and online) atau Mastergraming (masif, terbuka, gratis, merdeka dan daring). Program ini akan diselenggarakan melalui 3 jenis program, yaitu Program Bangkom Mandiri, Program Live Learning, dan Program Onstragram. Ketiga program ini diselenggarakan dengan menganut prinsip kreatif, inovatif, kekinian, dan gratis. Pada ketiga program ini digunakan aplikasi berbasis jaringan, media sosial, dan aplikasi video konferensi dalam membantu penyelenggaraannya.</subfield>
    </datafield>
    <datafield tag="990" ind1="#" ind2="#">
      <subfield code="a">2024/1.2.4/A/0018</subfield>
    </datafield>
  </record>
</collection>
